00406pab a2200145 454500008004000000100001900040245007300059260000900132300001300141362001200154650003000166650002400196650002200220773001800242180718b2017 xxu||||| |||| 00| 0 eng d aPriya, Lakshmi aLegitimacy of Baath in Syria and Gramscian idea of cultural hegemony c2017 ap.51-68. aJan-Mar aPolitical parties - Syria aBaath party - Syria aPolitical parties aSocial Action